000 nam a22 7a 4500
999 _c56444
_d56444
003 OSt
005 20230408110350.0
008 230408b xxu||||| |||| 00| 0 eng d
040 _cIIMT COLLEGE OF LAW, GREATER NOIDA
100 _aUNIVERSAL
245 _aADMINISTRATIVE TRIBUNALS ACT 1985
260 _aGURGAON
_bLEXIS NEXIS
_c2022
300 _a134
942 _2ddc
_c06